Elogio académico del Illmo. Señor D. Vicente González Arnao / (Record no. 154552)

MARC details
000 -LEADER
campo de control de longitud fija 01134nam a22002175i 4500
001 - NÚMERO DE CONTROL
campo de control 154552
003 - IDENTIFICADOR DE NÚMERO DE CONTROL
campo de control ES-MaACL
005 - FECHA Y HORA DE LA ÚLTIMA TRANSACCIÓN
campo de control 20240528104046.0
008 - DATOS DE LONGITUD FIJA--INFORMACIÓN GENERAL
campo de control de longitud fija 981001q1845 sp |||| | spa d
100 1# - ENTRADA PRINCIPAL--NOMBRE DE PERSONA
Nombre de persona González Cabo-Reluz, Juan.
9 (RLIN) 127401
245 10 - MENCIÓN DEL TÍTULO
Título Elogio académico del Illmo. Señor D. Vicente González Arnao /
Mención de responsabilidad, etc. por el Excmo. Sr. D. Juan González Cabo-Reluz... ; y leído por el Doctor D. Vicente de la Fuente, bibliotecario, en las exequias celebradas por la Universidad de Madrid el día 20 de julio de 1845, en sufragio del alma de dicho Ilustrísimo Señor.
260 ## - PUBLICACIÓN, DISTRIBUCIÓN, ETC.
Lugar de publicación, distribución, etc. [Madrid :
Nombre del editor, distribuidor, etc. s.n.,
Fecha de publicación, distribución, etc. 1845?]
300 ## - DESCRIPCIÓN FÍSICA
Extensión 8 p. ;
Dimensiones 26 cm.
530 ## - NOTA DISPONIBLE DE FORMULARIO FÍSICO ADICIONAL
Nota de formato físico adicional disponible Disponible en formato digital.
594 ## - Nota al título y mención de responsabilidad
Nota al título y mención de responsabilidad Tít. y autor tomados del comienzo del texto
600 14 - PUNTO DE ACCESO ADICIONAL DE MATERIA--NOMBRE DE PERSONA
Nombre de persona Gonzalez Arnao, Vicente-
Subdivisión general Elogios.
9 (RLIN) 127386
700 1# - ENTRADA AGREGADA--NOMBRE PERSONAL
Nombre de persona Fuente, Vicente de la,
Fechas asociadas al nombre 1817-1889
9 (RLIN) 52857
852 4# - LOCALIZACIÓN
Ubicación ES-MaACL
Número de control de estantería T-47-F-5
Nota libre - Enc. hol.
-- - Enc. en un vol. facticio
856 4# - LOCALIZACIÓN Y ACCESO ELECTRÓNICOS
Identificador Uniforme de Recursos <a href="http://bvrajyl.rajyl.es/i18n/consulta/registro.cmd?id=8341 ">http://bvrajyl.rajyl.es/i18n/consulta/registro.cmd?id=8341 </a>
Nota pública Biblioteca Virtual de la Real Academia de Jurisprudencia y Legislación
Holdings
Estatus retirado Estado de pérdida Estado de daño No para préstamo Colección Biblioteca de origen Biblioteca actual Ubicación en estantería Fecha de adquisición Total de préstamos Signatura topográfica completa Código de barras Visto por última vez Precio de reemplazo Tipo de ítem Koha
        Colección de folletos Biblioteca del Ateneo de Madrid Biblioteca del Ateneo de Madrid Depósito folletos 17/01/2008   T-47-F-5 1161640 23/02/2023 23/02/2023 Folleto